Prehistoric cultural ecology and evolution : insights from Southern Jordan

Αποθηκεύτηκε σε:
Λεπτομέρειες βιβλιογραφικής εγγραφής
Κύριος συγγραφέας: Henry, Donald O.
Μορφή: Βιβλίο
Γλώσσα:English
Δημοσίευση: New York : Plenum Press, c1995
Σειρά:Interdisciplinary contributions to archaeology
Language of science
Θέματα:
Ετικέτες: Προσθήκη ετικέτας
Δεν υπάρχουν, Καταχωρήστε ετικέτα πρώτοι!

MARC

LEADER 00000nam a2200000 i 4500
001 1/5086
008 000602s1995 eng d
020 |a 0-306-45048-8 
035 |l 10061461 
040 |a GR-MY-UA  |b gre  |e aacr 
041 0 |a eng 
082 0 |a 933 
100 1 |a Henry, Donald O. 
245 1 0 |a Prehistoric cultural ecology and evolution :  |b insights from Southern Jordan /  |c Donald O. Henry 
260 |a New York :   |b Plenum Press,   |c c1995 
300 |a xxiii, 466 p.  |b ill., maps 
490 1 |a Interdisciplinary contributions to archaeology 
490 1 |a Language of science 
504 |a Includes bibliographical references (p. 439-457) and index 
650 0 0 |a Prehistoric peoples  |z Jordan. 
650 0 0 |a Antiquities, Prehistoric  |z Jordan. 
650 0 0 |a Human ecology  |z Jordan  |x History. 
651 0 |a Jordan  |x Antiquities. 
830 0 |a Interdisciplinary contributions to archaeology 
830 0 |a Language of science 
852 |a INST  |b LESVOS  |e 20000602  |h 933 HEN  |p 005100026458  |q 005100026458  |t BK  |y 0 
901 |a BIBL1-2000-2 
909 |a Λ  |b 080155 
922 |a 1ΕΛΗ  |b 200005  |c ΚΠΣ/ΤΓ  |d LEADER 
950 |a 118-1999-09-20 
970 |a ΤΖΑΦΕΡΗ  |b ΕΥΑΓΓΕΛΙΑ  |z 2000/06/07